Statystyki dla Żeńskie Imiona na literę W

Kliknij tutaj aby rozwiązać quiz!

Ogólne statystyki

  • Ten quiz został rozwiązany 312 razy
  • Średni wynik to 6 z 13

Statystyki odpowiedzi

Imiona% Poprawnych
Weronika
93%
Wiktoria
93%
Wanda
71%
Wiesława
71%
Władysława
54%
Wioletta
49%
Waleria
42%
Wacława
31%
Wiola
25%
Walentyna
21%
Witolda
10%
Wincenta
7%
Wilhelmina
3%

Rozkład punktacji

Percentyl według liczby udzielonych odpowiedzi

Procent ludzi z każdym wynikiem

Twoja historia wyników

Nie rozwiązałeś tego quizu